Proceedings of the combustion institute vol 28 part-1 (Record no. 566899)
[ view plain ]
| 000 -LEADER | |
|---|---|
| fixed length control field | 00919nam a22001817a 4500 |
| 003 - CONTROL NUMBER IDENTIFIER | |
| control field | CEME |
| 005 - DATE AND TIME OF LATEST TRANSACTION | |
| control field | 20210628201721.0 |
| 008 - FIXED-LENGTH DATA ELEMENTS--GENERAL INFORMATION | |
| fixed length control field | 210215b xxu||||| |||| 00| 0 eng d |
| 020 ## - INTERNATIONAL STANDARD BOOK NUMBER | |
| International Standard Book Number | 0082-0784 |
| 040 ## - CATALOGING SOURCE | |
| Transcribing agency | . |
| 082 ## - DEWEY DECIMAL CLASSIFICATION NUMBER | |
| Classification number | 621.4023 PRO |
| 100 ## - MAIN ENTRY--PERSONAL NAME | |
| Personal name | Driscoll, James.F Candel, Sebastien |
| 9 (RLIN) | 56512 |
| 245 ## - TITLE STATEMENT | |
| Title | Proceedings of the combustion institute vol 28 part-1 |
| 260 ## - PUBLICATION, DISTRIBUTION, ETC. | |
| Place of publication, distribution, etc. | USA |
| Name of publisher, distributor, etc. | THE COMBUSTION INSTITUTE |
| Date of publication, distribution, etc. | 2000 |
| 300 ## - PHYSICAL DESCRIPTION | |
| Extent | XLIV,1461P |
| 650 ## - SUBJECT ADDED ENTRY--TOPICAL TERM | |
| Topical term or geographic name entry element | TURBULENT COMBUSTION DETONATIONS AND SHOCK INDUCED COMBUSTION SCRAMJET COMBUSTION COMBUSTION CONTROL COMBUSTION INSTABILITY COMBUSTION OF SOLID PROPELLANTS COMBUSTION OF LIQUID FUELS COMBUSTION OF ENGINES GAS TURBINE AND FURANCE COMBUSTION CATALYTIC COMBUSTION MATERIAL SYNTHESIS ELEMENTARY REACTION KINETICS KINETICS MECHANISMS LAMINAR PREMIXED FLAMES LAMINAR DIFFUSION FLAMES COMBUSTION OF SOLID FUELS FIRE IGNITION AND FLAME SPREAD |
| 9 (RLIN) | 56513 |
| 942 ## - ADDED ENTRY ELEMENTS (KOHA) | |
| Koha item type | Book |
| Source of classification or shelving scheme | |
| Withdrawn status | Lost status | Damaged status | Not for loan | Permanent Location | Current Location | Shelving location | Date acquired | Total Checkouts | Full call number | Barcode | Date last seen | Price effective from | Koha item type |
|---|---|---|---|---|---|---|---|---|---|---|---|---|---|
| College of Electrical & Mechanical Engineering (CEME) | College of Electrical & Mechanical Engineering (CEME) | General Stacks | 07/11/2017 | 621.4023 PRO | CEME-35098 | 06/28/2021 | 06/28/2021 | Book |
